<?xml version="1.0" encoding="UTF-8"?>
<record
    xmlns:xsi="http://www.w3.org/2001/XMLSchema-instance"
    xsi:schemaLocation="http://www.loc.gov/MARC21/slim http://www.loc.gov/standards/marcxml/schema/MARC21slim.xsd"
    xmlns="http://www.loc.gov/MARC21/slim">

  <leader>01042nam a22002177a 4500</leader>
  <controlfield tag="005">20150124124221.0</controlfield>
  <controlfield tag="008">121209t        mx||||| |||| 00| 0 spa d</controlfield>
  <datafield tag="050" ind1="0" ind2="4">
    <subfield code="a">HG2720 .M6</subfield>
    <subfield code="b">B54 [1964?]</subfield>
  </datafield>
  <datafield tag="110" ind1="1" ind2=" ">
    <subfield code="a">M&#xE9;xico.</subfield>
    <subfield code="b">Banco Nacional Hipotecario Urbano y de Obras P&#xFA;blicas. Consejo de Administraci&#xF3;n.</subfield>
  </datafield>
  <datafield tag="245" ind1="1" ind2="0">
    <subfield code="a">Memoria 1959-1964 /</subfield>
    <subfield code="c">[Banco Nacional Hipotecario Urbano y de Obras P&#xFA;blicas. Consejo de Administraci&#xF3;n].</subfield>
  </datafield>
  <datafield tag="250" ind1=" " ind2=" ">
    <subfield code="a">1a ed.</subfield>
  </datafield>
  <datafield tag="260" ind1=" " ind2=" ">
    <subfield code="a">[M&#xE9;xico] :</subfield>
    <subfield code="b">[Banco Nacional Hipotecario Urbano y de Obras P&#xFA;blicas],</subfield>
    <subfield code="c">[1964?]</subfield>
  </datafield>
  <datafield tag="300" ind1=" " ind2=" ">
    <subfield code="a">188 p. :</subfield>
    <subfield code="b">il., gr&#xE1;fs. ;</subfield>
    <subfield code="c">23 cm.</subfield>
  </datafield>
  <datafield tag="504" ind1=" " ind2=" ">
    <subfield code="6">Incluye &#xED;ndice</subfield>
  </datafield>
  <datafield tag="610" ind1="1" ind2="7">
    <subfield code="2">LEMB</subfield>
    <subfield code="a">M&#xE9;xico.</subfield>
    <subfield code="b">Banco Nacional Hipotecario Urbano y de Obras P&#xFA;blicas.</subfield>
    <subfield code="x">Informes</subfield>
    <subfield code="y">1959-1964</subfield>
  </datafield>
  <datafield tag="610" ind1="1" ind2="7">
    <subfield code="2">LEMB</subfield>
    <subfield code="a">M&#xE9;xico.</subfield>
    <subfield code="b">Banco Nacional de Obras y Servicios P&#xFA;blicos (BANOBRAS)</subfield>
    <subfield code="x">Historia</subfield>
  </datafield>
  <datafield tag="650" ind1=" " ind2="7">
    <subfield code="2">LEMB</subfield>
    <subfield code="a">Bancos y banca   </subfield>
    <subfield code="x">Historia</subfield>
    <subfield code="z">M&#xE9;xico</subfield>
  </datafield>
  <datafield tag="651" ind1=" " ind2="7">
    <subfield code="2">LEMB</subfield>
    <subfield code="a">Obras p&#xFA;blicas  </subfield>
    <subfield code="x">Cr&#xE9;dito</subfield>
    <subfield code="z">M&#xE9;xico</subfield>
  </datafield>
  <datafield tag="710" ind1="1" ind2=" ">
    <subfield code="a">M&#xE9;xico.</subfield>
    <subfield code="b">Banco Nacional Hipotecario Urbano y de Obras P&#xFA;blicas.</subfield>
  </datafield>
  <datafield tag="942" ind1=" " ind2=" ">
    <subfield code="2">lcc</subfield>
    <subfield code="c">LIB</subfield>
  </datafield>
  <datafield tag="999" ind1=" " ind2=" ">
    <subfield code="c">35713</subfield>
    <subfield code="d">35713</subfield>
  </datafield>
  <datafield tag="952" ind1=" " ind2=" ">
    <subfield code="1">0</subfield>
    <subfield code="2">lcc</subfield>
    <subfield code="4">0</subfield>
    <subfield code="7">0</subfield>
    <subfield code="a">INV-033</subfield>
    <subfield code="b">INV-033</subfield>
    <subfield code="c">GENERAL</subfield>
    <subfield code="d">2012-12-09</subfield>
    <subfield code="i">Humanidades</subfield>
    <subfield code="k">Educaci&#xF3;n y humanidades</subfield>
    <subfield code="o">HG2720 .M6 B54 [1964?]</subfield>
    <subfield code="p">IIH000009383</subfield>
    <subfield code="r">2012-12-09 00:00:00</subfield>
    <subfield code="t">C:1</subfield>
    <subfield code="y">LIB</subfield>
    <subfield code="z">GENERAL</subfield>
  </datafield>
</record>
